00277nam a2200109 a 4500008004100000020001500041050002300056100001800079245002500097260003000122300001500152120416s2002 ||||||||||||||||| || u a0072470321 aHF 5548.4.M523 Haa aHaag, Stephen10aMicrosoft excel 2002 aBostonbMcGraw-Hillc2002 axx, : ill.